Loading...
| Science - Biology | 0 | 2 | 0 | 0 | 20 | 54 | 59.00 | 0 | 2 | 11.12 | 27.50 |
| Mythology | 0 | 2 | 0 | 0 | 20 | 63 | 76.50 | 0 | 1 | 5.73 | 12.50 |
| Religion | 0 | 2 | 1 | 0 | 15 | 70 | 79.50 | 0 | 1 | 0.00 | 2.50 |
| Fine Arts - Classical Music | 0 | 1 | 0 | 0 | 10 | 87 | 87.00 | 0 | 1 | 1.15 | 5.00 |
| Fine Arts - Other | 0 | 1 | 0 | 0 | 10 | 81 | 81.00 | 0 | 1 | 0.00 | 0.00 |
| History - Other | 0 | 1 | 0 | 0 | 10 | 60 | 60.00 | 1 | 1 | 0.00 | 0.00 |
| Science - Chemistry | 0 | 1 | 0 | 0 | 10 | 64 | 64.00 | 0 | 1 | 2.90 | 7.50 |
| Literature - British | 0 | 0 | 0 | 0 | 0 | 0.00 | 0 | 0 | 4.97 | 12.50 | |
| Literature - World | 0 | 0 | 1 | 0 | -5 | 0.00 | 0 | 0 | 2.40 | 7.50 |